Summer Olympics - Medalists in Rugby - Statistics

General Stats
  • This quiz has been taken 62 times
    29 since last reset
  • The average score is 7 of 11
Answer Stats
Olympic Teams % Correct
Australia
100%
New Zealand
96%
Fiji
85%
France
81%
South Africa
78%
Canada
70%
Argentina
63%
Great Britain
52%
Germany
41%
Romania
22%
United States
4%
No matching quizzes found
Score Distribution
Percent of People with Each Score
Percentile by Number Answered
Your Score History
You have not taken this quiz since the last reset